Ride with the Devil /

In 1862, during the Kansas-Missouri border war, Jake and Jack Bull join the Confederate-sympathizing Bushwhackers after Jack's father is killed by marauding members of the abolitionist Jayhawkers. They are aided by unusual ally, Holt, who's fighting for the South despite being a former sla...

Full description

Bibliographic Details
Uniform Title:Ride with the Devil (Motion picture)
Corporate Authors: Gramercy Pictures, Good Machine (Firm), Criterion Collection (Firm)
Other Authors: Lee, Ang, 1954-, Hope, Ted, Colesberry, Robert F., Schamus, James, 1959-, Maguire, Tobey, 1975-, Ulrich, Skeet, Jewel, 1974-, Wright, Jeffrey (Jeffrey Charles), 1965-, Baker, Simon, 1969-, Rhys-Meyers, Jonathan, 1977-, Caviezel, Jim, 1968-, Elmes, Frederick, Squyres, Tim, Danna, Michael, Woodrell, Daniel
Format: Video DVD
Language:English
Language Notes:Subtitled for the deaf and hard of hearing.
Published: [United States] : Criterion Collection, [2010]
Edition:Director-approved special ed.
Series:Criterion collection (DVD videodiscs) ; 514.
Subjects:

MARC

Tag First Indicator Second Indicator Subfields
LEADER 00000cgm a2200000Ia 4500
001 in00002505021
005 20210626063319.0
007 vd cvaizq
008 100310s2010 xxu148 vleng d
020 |a 9781604652499 
020 |a 1604652497 
024 1 0 |a 715515055116 
028 4 2 |a CC1879D  |b Criterion Collection 
035 |a (OCoLC)ocn607112385 
035 |a (OCoLC)607112385 
037 |b Midwest Tape  |n http://www.midwesttapes.com 
040 |a TEFMT  |c TEFMT  |d TEF  |d SLV  |d GK8  |d TXA  |d UtOrBLW 
043 |a n-us--- 
049 |a TXAM 
050 4 |a PN1997  |b .R54 2010 
082 0 4 |a 791.43/72  |2 22 
090 |a PN1997  |b .R539 2010 
130 0 |a Ride with the Devil (Motion picture) 
245 1 0 |a Ride with the Devil /  |c Gramercy Pictures presents a Good Machine production ; an Ang Lee film ; produced by Ted Hope, Robert F. Colesberry, James Schamus ; screenplay by James Schamus ; directed by Ang Lee. 
250 |a Director-approved special ed. 
264 1 |a [United States] :  |b Criterion Collection,  |c [2010] 
264 4 |c ©2010 
300 |a 1 videodisc (148 min.) :  |b sound, color ;  |c 4 3/4 in. +  |e 1 booklet. 
336 |a two-dimensional moving image  |b tdi  |2 rdacontent 
337 |a video  |b v  |2 rdamedia 
338 |a videodisc  |b vd  |2 rdacarrier 
490 1 |a The Criterion collection ;  |v 514 
538 |a DVD; region 1; NTSC; widescreen, 2.35:1 aspect ratio; Dolby Digital 5.1 surround. 
546 |a Subtitled for the deaf and hard of hearing. 
511 1 |a Tobey Maguire, Skeet Ulrich, Jewel, Jeffrey Wright, Simon Baker, Jonathan Rhys Meyers, James Caviezel. 
508 |a Director of photography, Frederick Elmes; editor, Tim Squyres; music, Michael Danna. 
500 |a Originally produced as a motion picture in 1999. This is a new director's cut of the film. 
500 |a Based on the novel Woe to live on by Daniel Woodrell. 
520 |a In 1862, during the Kansas-Missouri border war, Jake and Jack Bull join the Confederate-sympathizing Bushwhackers after Jack's father is killed by marauding members of the abolitionist Jayhawkers. They are aided by unusual ally, Holt, who's fighting for the South despite being a former slave. 
500 |a Special features: audio commentaries, video interview with Jeffrey Wright. Also includes booklet with essays. 
500 |a Videorecording. 
651 0 |a United States  |x History  |y Civil War, 1861-1865  |v Drama. 
655 7 |a War films.  |2 lcgft 
655 7 |a Historical films.  |2 lcgft 
655 7 |a Fiction films.  |2 lcgft 
655 7 |a Film adaptations.  |2 lcgft 
655 7 |a Feature films.  |2 lcgft 
655 7 |a Video recordings for the hearing impaired.  |2 lcgft 
700 1 |a Lee, Ang,  |d 1954- 
700 1 |a Hope, Ted. 
700 1 |a Colesberry, Robert F. 
700 1 |a Schamus, James,  |d 1959- 
700 1 |a Maguire, Tobey,  |d 1975- 
700 1 |a Ulrich, Skeet. 
700 0 |a Jewel,  |d 1974- 
700 1 |a Wright, Jeffrey  |q (Jeffrey Charles),  |d 1965- 
700 1 |a Baker, Simon,  |d 1969- 
700 1 |a Rhys-Meyers, Jonathan,  |d 1977- 
700 1 |a Caviezel, Jim,  |d 1968- 
700 1 |a Elmes, Frederick. 
700 1 |a Squyres, Tim. 
700 1 |a Danna, Michael. 
700 1 |a Woodrell, Daniel.  |t Woe to live on. 
710 2 |a Gramercy Pictures. 
710 2 |a Good Machine (Firm) 
710 2 |a Criterion Collection (Firm) 
830 0 |a Criterion collection (DVD videodiscs) ;  |v 514. 
994 |a C0  |b TXA 
948 |a cataloged  |b h  |c 2010/5/3  |d c  |e blrosas  |f 8:44:15 am 
999 |a MARS 
999 f f |s 71491da9-bd2b-327e-bece-9a37f11a54bb  |i 2cb7ad2a-5db7-394a-9e25-4ccdf4a9defe  |t 0 
952 f f |p dvd  |a Texas A&M University  |b College Station  |c Sterling C. Evans Library  |d Evans: Media and Reserves (Annex 1st floor)  |t 0  |e PN1997 .R539 2010  |h Library of Congress classification  |i video -- videodisc  |m A14839140567 
998 f f |a PN1997 .R539 2010  |t 0  |l Evans: Media and Reserves (Annex 1st floor)